000
00318nam a22001337a 4500
008
170801b xxu||||| |||| 00| 0 eng d
020
_a
3540129324
041
_a
eng
080
_a
004
100
_a
32
101
_a
SHKI
245
_a
PROGRAM TRANSFORMATION AND PROGRAMMING ENVIRONMENTS
_c
PEPPER, P
942
_2
udc
_c
BK
999
_c
22420
_d
22420